Súkromné verzus štátne kritériá podpory slovenských start-upov diplomová práca

Salvato in:
Dettagli Bibliografici
Autore principale: Magicová, Zuzana
Ente Autore: Fakulta podnikového manažmentu EU. Katedra informačného manažmentu
Altri autori: Hanák, Róbert, 1979-
Natura: Libro
Lingua:slovacco
Pubblicazione: Bratislava 2023
Tags: Aggiungi Tag
Nessun Tag, puoi essere il primo ad aggiungerne!!

MARC

LEADER 00000nbm a2200000 4500
001 0293567
005 20240603083828.1
041 0 |a slo 
044 |a SK 
245 1 0 |a Súkromné verzus štátne kritériá podpory slovenských start-upov  |b diplomová práca  |c Zuzana Magicová ; školiteľ: Róbert Hanák 
264 1 |a Bratislava  |c 2023 
300 |a 87 s. 
100 1 |a Magicová, Zuzana 
700 1 |a Hanák, Róbert, 1979- 
710 2 |a Fakulta podnikového manažmentu EU. Katedra informačného manažmentu